Music Quiz

Random Music or Rock Quiz

Rock n' Roll Slot Machine Quiz Stats

Quiz Updated Mar 4, 2015

Challenge
Share
Tweet
Score 0/60 Timer 05:00
3 Plays Today
% Correct
Word 1Stairway to Heaven
98.1%
Word 2Stairway to Heaven
98.1%
Word 3Stairway to Heaven
98.1%
Word 1Don't Stop Believin'
95.3%
Word 2Don't Stop Believin'
95.3%
Word 3Don't Stop Believin'
95.3%
Word 1Whole Lotta Love
94.1%
Word 3Whole Lotta Love
94.1%
Word 2Whole Lotta Love
94.1%
Word 1Losing My Religion
93.8%
Word 3Losing My Religion
93.8%
Word 2Losing My Religion
93.8%
Word 1Back in Black
92.5%
Word 3Back in Black
92.5%
Word 2Back in Black
92.5%
Word 1Walk This Way
92.1%
Word 2Walk This Way
92.1%
Word 3Walk This Way
92.1%
Word 1Jumpin' Jack Flash
92%
Word 3Jumpin' Jack Flash
92%
Word 2Jumpin' Jack Flash
92%
Word 1Ticket to Ride
91.7%
Word 2Ticket to Ride
91.7%
Word 3Ticket to Ride
91.7%
Word 1Rock of Ages
90.7%
Word 3Rock of Ages
90.7%
Word 2Rock of Ages
90.7%
Word 1Somebody to Love
89.2%
Word 2Somebody to Love
89.2%
Word 3Somebody to Love
89.2%
% Correct
Word 1Heart of Gold
88.3%
Word 3Heart of Gold
88.3%
Word 2Heart of Gold
88.3%
Word 1Bad Moon Rising
88.3%
Word 2Bad Moon Rising
88.3%
Word 3Bad Moon Rising
88.3%
Word 1Money for Nothing
87.8%
Word 3Money for Nothing
87.8%
Word 2Money for Nothing
87.8%
Word 1Hot for Teacher
87.8%
Word 2Hot for Teacher
87.8%
Word 3Hot for Teacher
87.8%
Word 1Light My Fire
86.7%
Word 3Light My Fire
86.7%
Word 2Light My Fire
86.7%
Word 1About a Girl
85.8%
Word 2About a Girl
85.8%
Word 3About a Girl
85.8%
Word 1Take It Easy
84.2%
Word 3Take It Easy
84.2%
Word 2Take It Easy
84.2%
Word 1Knights of Cydonia
84%
Word 3Knights of Cydonia
84%
Word 2Knights of Cydonia
84%
Word 1I Get Around
83.1%
Word 3I Get Around
83.1%
Word 2I Get Around
83.1%
Word 1Uncle John's Band
82.3%
Word 3Uncle John's Band
82.3%
Word 2Uncle John's Band
82.3%

You're not logged in!

Compare scores with friends on all Sporcle quizzes.
Join for Free
OR
Log In

You Might Also Like...

Show Comments

Extras

Top Quizzes Today


Score Distribution

Your Account Isn't Verified!

In order to create a playlist on Sporcle, you need to verify the email address you used during registration. Go to your Sporcle Settings to finish the process.

Report this User

Report this user for behavior that violates our Community Guidelines.

Details: